000 01392nam a2200301Ia 4500
999 _c52736
_d52736
001 19762
003 GE_BSU
005 20200420212646.0
008 181216s1995||||ge |||||||||||||| ||geo||
020 _aISBN 5-511-00654-8
040 _cGE_BSU
041 _ageo
080 _a811.353.1'367 ჭ-45
100 _aჭიკაძე, როინ
_97938
245 _aწინადადების პარატაქსული კონსტრუქცია ქართულში /
_cროინ ჭიკაძე ; რედ. ზურაბ სარჯველაძე
260 _aთბილისი
260 _bთბილ. უნ-ტის გამ-ბა
260 _c1995
300 _a195 გვ. ;
_c2სმ.
300 _bბიბლიოგრ.: გვ. 181-186.
504 _aბიბლიოგრ. : გვ. 181-186
541 _h2ლ.
653 _aქართული ენა
653 _aწინადადების პარატაქსული კონსტრუქცია ქართულში
700 _aსარჯველაძე, ზურაბ
_eრედაქტორი
_97939
710 _aთელავის იაკობ გოგებაშვილის სახელმწიფო პედაგოგიური ინსტიტუტი
_97940
942 _cBK
_2udc